=LDR 00000nam 2200000 4500 =001 INLIS000000000027077 =005 20130612125500 =008 ***********************************Ind** =035 ##$$0010-061300000027077 =041 ##$$a Ind =082 ##$$a 321.8 =090 ##$$a 321.8, Ruh m =100 ##$$a Ruhpina, lalu Said =245 ##$$a Menuju demikrasi pemerintahan, bunga rampai masalah otonomi daerah, akuntabilitas pemerintahan demokrasi dan sosial budaya =260 ##$$a 2005 $b Mataram =300 ##$$a xii, 260 hlm, ilus, 21 cm =650 ##$$a Demokrasi =850 ##$$a NBPNMAT